MARC

LEADER 00000nas a2200000 a 4500
001 ssj0012530
003 WaSeSS
005 20200512172242.0
006 m d
007 cr n
008 980311c19729999nyuqr pss 0 a0eng c
010 |a  2009268093 
015 |a GBB527374  |2 bnb 
016 7 |a 012407082  |2 Uk 
016 7 |a 017023060  |2 Uk 
022 |a 2163-1808  |y 0091-4509 
035 |a (WaSeSS)ssj0012530 
040 |a FGA  |b eng  |e pn  |c FGA  |d OCL  |d OCLCQ  |d EYM  |d UV0  |d NDO  |d CSFLA  |d AU@  |d OCLCE  |d DLC  |d OCLCQ  |d OCLCO  |d OCLCF  |d OCLCO  |d VT2  |d UKMGB  |d CUS  |d OCLCQ  |d OCLCO  |d OCLCQ  |d ZAC  |d NLE  |d BUF  |d U3W  |d KSU  |d UUM  |d OCLCO  |d OCLCA  |d WYU  |d AUD  |d OCLCO  |d OCLCQ  |d WaSeSS 
042 |a pcc  |a nsdp  |a dlr 
050 0 |a HV5800  |b .C66 
060 0 0 |a W1  |b CO769MK 
082 1 0 |a 362  |2 14 
082 0 4 |a 362.2/93/05 
130 0 |a Contemporary drug problems (Online) 
210 0 |a Contemp. drug probl.  |b (Online) 
222 0 |a Contemporary drug problems  |b (Online) 
245 1 0 |a Contemporary drug problems  |h [electronic resource]. 
260 |a New York, NY :  |b Federal Legal Publications 
310 |a Quarterly 
362 1 |a Began with vol. 1, no. 1 (winter 1971/72). 
500 |a Title from title screen (Hein Online, viewed June 26, 2009). 
506 |a License restrictions may limit access. 
538 |a Master and use copy. Digital master created according to Benchmark for Faithful Digital Reproductions of Monographs and Serials, Version 1. Digital Library Federation, December 2002.  |u http://purl.oclc.org/DLF/benchrepro0212  |5 MiAaHDL 
583 1 |a digitized  |c 2010  |h HathiTrust Digital Library  |l committed to preserve  |2 pda  |5 MiAaHDL 
588 |a Latest issue consulted: Vol. 38, no. 1 (spring 2011) (Hein Online, viewed Aug. 25, 2011). 
650 0 |a Drug abuse  |v Periodicals. 
650 0 |a Drugs  |x Law and legislation  |v Periodicals. 
650 0 |a Drugs  |x Physiological effect  |v Periodicals. 
650 6 |a Toxicomanie  |v Périodiques. 
650 6 |a Médicaments  |x Droit  |v Périodiques. 
650 6 |a Médicaments  |x Effets physiologiques  |v Périodiques. 
650 7 |a Drug abuse.  |2 fast  |0 (OCoLC)fst00898480 
650 7 |a Drugs  |x Law and legislation.  |2 fast  |0 (OCoLC)fst00898830 
650 7 |a Drugs  |x Physiological effect.  |2 fast  |0 (OCoLC)fst00898862 
650 1 7 |a Drugs.  |2 gtt 
650 2 |a Legislation, Drug. 
650 2 |a Substance-Related Disorders. 
650 2 |a Substance-Related Disorders  |x prevention & control. 
650 2 |a Substance-Related Disorders  |x prevention & control  |v Periodicals. 
650 2 |a Legislation, Drug  |v Periodicals. 
650 2 |a Substance-Related Disorders  |v Periodicals. 
655 0 |a Electronic journals. 
776 0 8 |i Print version:  |t Contemporary drug problems  |x 0091-4509  |w (DLC) 73643810  |w (OCoLC)1786889 
856 4 0 |z Full text available from Research Library: 07/01/1996 to 12/31/2017  |u https://search.proquest.com/publication/35338